Welcome to the Holygrace Academy Library

Please use search bar below to get started

COMPREHENSIVE CHEMISTRY (Record no. 703)

MARC details
000 -LEADER
fixed length control field 00331nam a22001337a 4500
020 ## - INTERNATIONAL STANDARD BOOK NUMBER
ISBN 978-81-318-0859-7
082 ## - DEWEY DECIMAL CLASSIFICATION NUMBER
Classification number 840
Item number VER/C
100 ## - MAIN ENTRY--AUTHOR NAME
Personal name N.K.VERMA, S.K.KHANNA, Dr.B.KAPILA
245 ## - TITLE STATEMENT
Title COMPREHENSIVE CHEMISTRY
260 ## - PUBLICATION, DISTRIBUTION, ETC. (IMPRINT)
Place of publication DELHI
Name of publisher LAXMI PUBLICATIONS
300 ## - PHYSICAL DESCRIPTION
Number of Pages 850
650 ## - SUBJECT ADDED ENTRY--TOPICAL TERM
Topical Term CHEMISTRY FOR CLASS XII
Geographic subdivision INDIA
942 ## - ADDED ENTRY ELEMENTS (KOHA)
Koha item type Books
Holdings
Withdrawn status Lost status Collection code Home library Current library Shelving location Date acquired Source of acquisition Full call number Accession Number Koha item type Cost, normal purchase price
    Reference Main Library Main Library SHELF-9 C XII CHEMISTRY 20/04/2013 purchase 840 VER/C 07401 Books  
    Reference Main Library Main Library SHELF 9 D PLUS 2 CHEMISTRY 17/12/2019 purchase 840 VER/C 12389 Books  
    Reference Main Library Main Library SHELF 9 D PLUS 2 CHEMISTRY 12/03/2015 purchase 840 VER/C 10007 Books  
    Reference Main Library Main Library SHELF 9 D PLUS 2 CHEMISTRY 13/08/2011 purchase 840 VER/C 05971 Books 625.00
    Reference Main Library Main Library SHELF 9 D PLUS 2 CHEMISTRY 18/10/2016 purchase 840 VER/C 09796 Books  
    Reference Main Library Main Library SHELF 9 D PLUS 2 CHEMISTRY 17/12/2019 purchase 840 VER/C 12390 Books  
    Reference Main Library Main Library SHELF 9 D PLUS 2 CHEMISTRY 17/12/2019 purchase 840 VER/C 12394 Books  
    Reference Main Library Main Library SHELF 9 D PLUS 2 CHEMISTRY 06/12/2019 purchase 840 VER/C 12164 Books